[Event "WCO201402"]
[Site "Tromso"]
[Date "2014.08.12"]
[Round "10.15"]
[WhiteID "2400456"]
[White "Roy Ali"]
[BlackID "14400081"]
[Black "Dengler Dijana"]
[Result "0-1"]
[LiveChessVersion "1.4.3"]
[BlackElo "2070"]
[WhiteElo "1913"]

1. e4 {[%clk 1:30:57]} e6 {[%clk 1:30:55]} 2. d4 {[%clk 1:31:22]} d5
{[%clk 1:31:19]} 3. Nd2 {[%clk 1:31:47]} Nf6 {[%clk 1:31:39]} 4. e5
{[%clk 1:32:11]} Nfd7 {[%clk 1:32:04]} 5. Bd3 {[%clk 1:32:34]} c5
{[%clk 1:32:23]} 6. c3 {[%clk 1:32:59]} Nc6 {[%clk 1:32:39]} 7. Ne2
{[%clk 1:33:17]} Qb6 {[%clk 1:31:43]} 8. Nf3 {[%clk 1:33:36]} cxd4
{[%clk 1:30:54]} 9. cxd4 {[%clk 1:34:00]} f6 {[%clk 1:29:43]} 10. exf6
{[%clk 1:34:22]} Nxf6 {[%clk 1:30:06]} 11. O-O {[%clk 1:34:42]} Bd6
{[%clk 1:29:50]} 12. b3 {[%clk 1:34:59]} Qc7 {[%clk 1:27:09]} 13. Bb2
{[%clk 1:32:51]} O-O {[%clk 1:20:42]} 14. Nc3 {[%clk 1:29:27]} a6
{[%clk 1:18:47]} 15. h3 {[%clk 1:12:09]} Bd7 {[%clk 1:15:12]} 16. Re1
{[%clk 1:10:27]} Rae8 {[%clk 1:12:08]} 17. Rc1 {[%clk 1:03:42]} Qb8
{[%clk 1:00:20]} 18. Na4 {[%clk 1:01:31]} Bf4 {[%clk 0:55:06]} 19. Ra1
{[%clk 0:52:02]} Nb4 {[%clk 0:50:18]} 20. Ba3 {[%clk 0:42:51]} Nxd3
{[%clk 0:48:40]} 21. Qxd3 {[%clk 0:42:38]} Bb5 {[%clk 0:47:41]} 22. Qd1
{[%clk 0:40:16]} Rf7 {[%clk 0:37:01]} 23. Nc3 {[%clk 0:34:07]} Ne4
{[%clk 0:27:24]} 24. Nxb5 {[%clk 0:25:46]} axb5 {[%clk 0:27:44]} 25. Qe2
{[%clk 0:20:24]} Rc8 {[%clk 0:25:28]} 26. Bc1 {[%clk 0:16:43]} Rc3
{[%clk 0:20:06]} 27. Be3 {[%clk 0:14:48]} Bxe3 {[%clk 0:16:00]} 28. fxe3
{[%clk 0:15:11]} Qc7 {[%clk 0:13:04]} 29. Qxb5 {[%clk 0:13:23]} Rxf3
{[%clk 0:12:51]} 30. Qe8+ {[%clk 0:12:39]} Rf8 {[%clk 0:13:13]} 31. Qxe6+
{[%clk 0:12:58]} Qf7 {[%clk 0:13:04]} 32. Qxf7+ {[%clk 0:11:48]} Rxf7
{[%clk 0:13:33]} 33. Rac1 {[%clk 0:11:25]} Rfc7 {[%clk 0:12:50]} 34. Rxc3
{[%clk 0:11:13]} Rxc3 {[%clk 0:13:05]} 35. Kf1 {[%clk 0:10:10]} Rc2
{[%clk 0:12:39]} 36. a4 {[%clk 0:08:23]} Rc3 {[%clk 0:10:02]} 37. b4
{[%clk 0:07:34]} Rc4 {[%clk 0:08:32]} 38. b5 {[%clk 0:07:56]} Rxa4
{[%clk 0:08:04]} 39. Rc1 {[%clk 0:08:16]} Rc4 {[%clk 0:07:29]} 40. Ra1
{[%clk 0:08:12]} Rb4 {[%clk 0:06:56]} 0-1

[Event "WCO201402"]
[Site "Tromso"]
[Date "2014.08.12"]
[Round "10.16"]
[WhiteID "14403668"]
[White "Jacimovic Sara"]
[BlackID "2401207"]
[Black "Groves Carey"]
[Result "1-0"]
[LiveChessVersion "1.4.3"]
[BlackElo "2027"]
[WhiteElo "2032"]

1. d4 {[%clk 1:30:57]} Nf6 {[%clk 1:30:53]} 2. Nf3 {[%clk 1:31:23]} g6
{[%clk 1:31:14]} 3. c4 {[%clk 1:31:49]} c5 {[%clk 1:30:03]} 4. Nc3
{[%clk 1:32:14]} cxd4 {[%clk 1:30:03]} 5. Nxd4 {[%clk 1:32:40]} Nc6
{[%clk 1:29:29]} 6. e4 {[%clk 1:32:57]} d6 {[%clk 1:25:50]} 7. Be2
{[%clk 1:33:15]} Bg7 {[%clk 1:23:44]} 8. Be3 {[%clk 1:33:11]} O-O
{[%clk 1:23:09]} 9. O-O {[%clk 1:33:10]} Bd7 {[%clk 1:22:09]} 10. Nxc6
{[%clk 1:27:49]} Bxc6 {[%clk 1:20:38]} 11. f3 {[%clk 1:27:19]} h6
{[%clk 1:12:21]} 12. Qd2 {[%clk 1:24:52]} Kh7 {[%clk 1:11:11]} 13. Rfd1
{[%clk 1:20:47]} b6 {[%clk 1:08:51]} 14. Rac1 {[%clk 1:19:45]} Re8
{[%clk 1:05:08]} 15. Qe1 {[%clk 1:17:13]} Qc7 {[%clk 0:57:55]} 16. Qh4
{[%clk 1:15:41]} Qb7 {[%clk 0:56:37]} 17. Rc2 {[%clk 1:06:20]} Rad8
{[%clk 0:53:23]} 18. Nd5 {[%clk 1:02:23]} Ng8 {[%clk 0:52:33]} 19. Qg3
{[%clk 0:58:27]} e6 {[%clk 0:43:35]} 20. Nb4 {[%clk 0:54:40]} Bf8
{[%clk 0:34:15]} 21. Bf4 {[%clk 0:50:01]} a5 {[%clk 0:31:09]} 22. Nxc6
{[%clk 0:49:23]} Qxc6 {[%clk 0:31:31]} 23. Rcd2 {[%clk 0:49:30]} Qc5+
{[%clk 0:24:06]} 24. Qf2 {[%clk 0:49:10]} Qxf2+ {[%clk 0:21:00]} 25. Kxf2
{[%clk 0:49:35]} e5 {[%clk 0:21:17]} 26. Be3 {[%clk 0:48:53]} Rb8
{[%clk 0:21:22]} 27. g4 {[%clk 0:46:10]} Nf6 {[%clk 0:20:49]} 28. a3
{[%clk 0:42:38]} Kg7 {[%clk 0:18:29]} 29. b4 {[%clk 0:37:44]} axb4
{[%clk 0:17:06]} 30. axb4 {[%clk 0:38:08]} d5 {[%clk 0:16:25]} 31. cxd5
{[%clk 0:36:22]} Bxb4 {[%clk 0:16:03]} 32. Rb2 {[%clk 0:36:20]} Ba5
{[%clk 0:13:47]} 33. Bb5 {[%clk 0:34:54]} Red8 {[%clk 0:12:02]} 34. Bc6
{[%clk 0:33:41]} b5 {[%clk 0:09:15]} 35. Rxb5 {[%clk 0:33:04]} Rxb5
{[%clk 0:09:38]} 36. Bxb5 {[%clk 0:33:30]} Rb8 {[%clk 0:09:57]} 37. Bc6
{[%clk 0:29:22]} Bb4 {[%clk 0:06:47]} 38. Ba7 {[%clk 0:28:42]} Rc8
{[%clk 0:05:52]} 39. Rb1 {[%clk 0:28:15]} Bd6 {[%clk 0:05:45]} 40. Rb7
{[%clk 0:27:31]} Kf8 {[%clk 0:04:01]} 41. Kg3 {[%clk 0:26:15]} Kg7
{[%clk 0:01:18]} 42. Be3 {[%clk 0:24:33]} g5 {[%clk 0:30:17]} 43. h4
{[%clk 0:55:05]} Kg6 {[%clk 0:26:48]} 44. Bd7 {[%clk 0:51:13]} gxh4+
{[%clk 0:23:06]} 45. Kxh4 {[%clk 0:51:26]} Rc3 {[%clk 0:23:17]} 46. Bf5+
{[%clk 0:51:29]} Kg7 {[%clk 0:22:36]} 47. Bxh6+ {[%clk 0:51:49]} Kxh6
{[%clk 0:22:43]} 48. Rxf7 {[%clk 0:52:14]} 1-0

[Event "WCO201402"]
[Site "Tromso"]
[Date "2014.08.12"]
[Round "10.36"]
[WhiteID "2114160"]
[White "Feliciano Ebert Vanessa"]
[BlackID "405094"]
[Black "Houska Jovanka"]
[Result "1/2-1/2"]
[LiveChessVersion "1.4.3"]
[BlackElo "2401"]
[WhiteElo "2226"]

1. e4 {[%clk 1:30:55]} c6 {[%clk 1:30:57]} 2. d4 {[%clk 1:31:12]} d5
{[%clk 1:31:24]} 3. exd5 {[%clk 1:31:31]} cxd5 {[%clk 1:31:50]} 4. c4
{[%clk 1:31:46]} Nf6 {[%clk 1:32:17]} 5. Nc3 {[%clk 1:32:00]} Nc6
{[%clk 1:32:44]} 6. Bg5 {[%clk 1:32:09]} dxc4 {[%clk 1:33:09]} 7. Bxc4
{[%clk 1:32:09]} h6 {[%clk 1:33:31]} 8. Bh4 {[%clk 1:32:22]} e6 {[%clk 1:33:57]}
9. Nf3 {[%clk 1:26:52]} Be7 {[%clk 1:34:23]} 10. O-O {[%clk 1:26:38]} O-O
{[%clk 1:34:50]} 11. a3 {[%clk 1:25:01]} b6 {[%clk 1:32:53]} 12. Qd3
{[%clk 1:20:41]} Bb7 {[%clk 1:32:12]} 13. Rad1 {[%clk 1:20:29]} Nd5
{[%clk 1:32:01]} 14. Bg3 {[%clk 1:19:13]} Nxc3 {[%clk 1:32:16]} 15. Qxc3
{[%clk 1:17:50]} Bf6 {[%clk 1:28:07]} 16. Ne5 {[%clk 1:10:30]} Rc8
{[%clk 1:28:12]} 17. Qd3 {[%clk 1:02:45]} Re8 {[%clk 0:50:13]} 18. Nxf7
{[%clk 0:52:37]} Kxf7 {[%clk 0:46:21]} 19. d5 {[%clk 0:52:56]} Kg8
{[%clk 0:26:59]} 20. dxc6 {[%clk 0:50:21]} Qxd3 {[%clk 0:27:25]} 21. Bxd3
{[%clk 0:49:01]} Bxc6 {[%clk 0:25:47]} 22. Ba6 {[%clk 0:46:15]} Rcd8
{[%clk 0:26:10]} 23. Rc1 {[%clk 0:45:09]} Bd5 {[%clk 0:23:52]} 24. Rc2
{[%clk 0:33:16]} Re7 {[%clk 0:18:15]} 25. h3 {[%clk 0:31:49]} Bb3
{[%clk 0:18:01]} 26. Re2 {[%clk 0:30:58]} Red7 {[%clk 0:12:40]} 27. Re3
{[%clk 0:29:13]} Bd5 {[%clk 0:11:53]} 28. b4 {[%clk 0:25:18]} Kf7
{[%clk 0:08:27]} 29. Bb5 {[%clk 0:23:11]} Re7 {[%clk 0:08:48]} 30. a4
{[%clk 0:21:13]} Bd4 {[%clk 0:07:34]} 31. Re2 {[%clk 0:19:53]} e5
{[%clk 0:07:10]} 32. Rc1 {[%clk 0:15:33]} Kf6 {[%clk 0:07:30]} 33. Kh2
{[%clk 0:14:26]} g5 {[%clk 0:07:43]} 34. Rec2 {[%clk 0:13:34]} a5
{[%clk 0:01:52]} 35. bxa5 {[%clk 0:12:51]} bxa5 {[%clk 0:02:19]} 36. Rc8
{[%clk 0:13:03]} Rxc8 {[%clk 0:02:34]} 37. Rxc8 {[%clk 0:13:32]} Bb7
{[%clk 0:02:09]} 38. Rd8 {[%clk 0:13:24]} Re6 {[%clk 0:01:34]} 39. Bc4
{[%clk 0:12:06]} Rb6 {[%clk 0:01:19]} 40. Bb5 {[%clk 0:10:13]} Ke7
{[%clk 0:00:57]} 41. Rh8 {[%clk 0:07:53]} Bc6 {[%clk 0:14:13]} 42. Rh7+
{[%clk 0:31:39]} Kd8 {[%clk 0:14:29]} 43. Rh8+ {[%clk 0:29:25]} Ke7
{[%clk 0:14:40]} 44. Rh7+ {[%clk 0:29:50]} Kd8 {[%clk 0:15:07]} 45. Rh8+
{[%clk 0:29:59]} Ke7 {[%clk 0:14:49]} 1/2-1/2

[Event "WCO201402"]
[Site "Tromso"]
[Date "2014.08.12"]
[Round "10.35"]
[WhiteID "4301498"]
[White "Maroroa Sue"]
[BlackID "2109220"]
[Black "Terao Juliana Sayumi"]
[Result "0-1"]
[LiveChessVersion "1.4.3"]
[BlackElo "2222"]
[WhiteElo "2120"]

1. e4 {[%clk 1:30:57]} c5 {[%clk 1:30:48]} 2. Nf3 {[%clk 1:31:23]} e6
{[%clk 1:31:02]} 3. g3 {[%clk 1:31:50]} Nc6 {[%clk 1:30:44]} 4. Bg2
{[%clk 1:32:02]} Nf6 {[%clk 1:30:25]} 5. d3 {[%clk 1:32:18]} d6 {[%clk 1:25:00]}
6. O-O {[%clk 1:31:39]} Be7 {[%clk 1:25:06]} 7. c4 {[%clk 1:12:37]} O-O
{[%clk 1:20:21]} 8. Nc3 {[%clk 1:12:56]} a6 {[%clk 1:11:58]} 9. h3
{[%clk 1:07:41]} Qc7 {[%clk 1:07:37]} 10. Qe2 {[%clk 1:05:07]} Rb8
{[%clk 1:06:43]} 11. Bf4 {[%clk 0:52:31]} Nd4 {[%clk 0:59:25]} 12. Nxd4
{[%clk 0:50:10]} cxd4 {[%clk 0:59:48]} 13. Nb1 {[%clk 0:50:16]} Nd7
{[%clk 0:57:50]} 14. Na3 {[%clk 0:47:24]} e5 {[%clk 0:52:24]} 15. Bd2
{[%clk 0:46:40]} b5 {[%clk 0:51:04]} 16. f4 {[%clk 0:42:36]} b4 {[%clk 0:50:45]}
17. Nc2 {[%clk 0:42:46]} a5 {[%clk 0:49:07]} 18. b3 {[%clk 0:42:49]} Nc5
{[%clk 0:47:48]} 19. f5 {[%clk 0:40:19]} Qd8 {[%clk 0:47:14]} 20. h4
{[%clk 0:38:25]} Bf6 {[%clk 0:47:03]} 21. Rfb1 {[%clk 0:35:12]} g6
{[%clk 0:31:02]} 22. Rf1 {[%clk 0:27:10]} gxf5 {[%clk 0:22:32]} 23. exf5
{[%clk 0:27:27]} Kh8 {[%clk 0:22:58]} 24. g4 {[%clk 0:19:49]} Bxh4
{[%clk 0:22:47]} 25. Rf3 {[%clk 0:20:01]} Bg5 {[%clk 0:21:45]} 26. Rh3
{[%clk 0:18:38]} Rg8 {[%clk 0:21:31]} 27. Kf2 {[%clk 0:16:11]} Bxd2
{[%clk 0:17:46]} 28. Qxd2 {[%clk 0:16:28]} Rxg4 {[%clk 0:17:34]} 29. Be4
{[%clk 0:02:57]} Rxe4 {[%clk 0:17:07]} 30. Qh6 {[%clk 0:02:07]} Rf4+
{[%clk 0:17:20]} 31. Ke2 {[%clk 0:02:24]} Bxf5 {[%clk 0:17:37]} 32. Rg1
{[%clk 0:02:10]} Bxd3+ {[%clk 0:13:54]} 33. Rxd3 {[%clk 0:00:41]} Qf6
{[%clk 0:14:06]} 34. Qxf6+ {[%clk 0:00:38]} Rxf6 {[%clk 0:14:31]} 35. Rdg3
{[%clk 0:00:54]} Rg6 {[%clk 0:13:17]} 36. Ne1 {[%clk 0:00:59]} Ne4
{[%clk 0:13:30]} 37. Rxg6 {[%clk 0:01:02]} hxg6 {[%clk 0:13:54]} 38. Kd3
{[%clk 0:01:03]} Nc3 {[%clk 0:14:15]} 39. Rg2 {[%clk 0:01:14]} Kg7 0-1

[Event "WCO201402"]
[Site "Tromso"]
[Date "2014.08.12"]
[Round "10.34"]
[WhiteID "2100622"]
[White "Chaves Joara"]
[BlackID "411280"]
[Black "Chevannes Sabrina L"]
[Result "1/2-1/2"]
[LiveChessVersion "1.4.3"]
[BlackElo "2171"]
[WhiteElo "2026"]

1. e4 {[%clk 1:30:44]} c6 {[%clk 1:30:46]} 2. d4 {[%clk 1:30:47]} d5
{[%clk 1:31:11]} 3. Nd2 {[%clk 1:30:50]} dxe4 {[%clk 1:31:18]} 4. Nxe4
{[%clk 1:31:11]} Bf5 {[%clk 1:31:15]} 5. Ng3 {[%clk 1:30:51]} Bg6
{[%clk 1:31:32]} 6. Nf3 {[%clk 1:30:35]} Nd7 {[%clk 1:31:15]} 7. Bd3
{[%clk 1:30:20]} e6 {[%clk 1:30:25]} 8. O-O {[%clk 1:28:16]} Ngf6
{[%clk 1:29:17]} 9. c4 {[%clk 1:25:17]} Bd6 {[%clk 1:29:02]} 10. b3
{[%clk 1:24:31]} Qc7 {[%clk 1:28:38]} 11. Bb2 {[%clk 1:24:09]} O-O-O
{[%clk 1:27:38]} 12. Qc2 {[%clk 1:04:33]} Bxd3 {[%clk 1:25:48]} 13. Qxd3
{[%clk 1:04:52]} h5 {[%clk 1:23:13]} 14. Rfd1 {[%clk 0:56:14]} h4
{[%clk 1:17:02]} 15. Nf1 {[%clk 0:55:31]} Nh5 {[%clk 1:08:15]} 16. Ng5
{[%clk 0:50:54]} Ndf6 {[%clk 1:02:10]} 17. Qf3 {[%clk 0:49:30]} Kb8
{[%clk 0:57:21]} 18. a4 {[%clk 0:44:50]} Rd7 {[%clk 0:52:25]} 19. Bc3
{[%clk 0:38:58]} Bf4 {[%clk 0:45:43]} 20. Ne4 {[%clk 0:23:13]} Nxe4
{[%clk 0:42:58]} 21. Qxe4 {[%clk 0:23:41]} Rh6 {[%clk 0:35:47]} 22. Bd2
{[%clk 0:18:35]} Rg6 {[%clk 0:29:08]} 23. Qf3 {[%clk 0:11:15]} Rg5
{[%clk 0:17:51]} 24. Be3 {[%clk 0:10:24]} Rf5 {[%clk 0:12:30]} 25. Qg4
{[%clk 0:08:04]} Bxe3 {[%clk 0:06:12]} 26. Nxe3 {[%clk 0:08:07]} Qf4
{[%clk 0:06:21]} 27. Qxf4+ {[%clk 0:05:55]} Rxf4 {[%clk 0:06:46]} 28. Nc2
{[%clk 0:05:16]} Rg4 {[%clk 0:05:04]} 29. Rd2 {[%clk 0:04:28]} c5
{[%clk 0:01:43]} 30. Rad1 {[%clk 0:02:35]} Nf4 {[%clk 0:01:35]} 31. f3
{[%clk 0:02:09]} Rg5 {[%clk 0:01:17]} 32. Kf1 {[%clk 0:02:03]} cxd4
{[%clk 0:01:32]} 33. Nxd4 {[%clk 0:01:16]} Kc8 {[%clk 0:01:00]} 34. Nb5
{[%clk 0:01:10]} Rxd2 {[%clk 0:01:20]} 35. Rxd2 {[%clk 0:01:28]} a6
{[%clk 0:00:48]} 36. Nd6+ {[%clk 0:01:54]} Kc7 {[%clk 0:01:09]} 37. Nxf7
{[%clk 0:02:18]} Rf5 {[%clk 0:00:47]} 38. Nd6 {[%clk 0:02:28]} Re5
{[%clk 0:00:49]} 39. Ne4 {[%clk 0:02:34]} g5 {[%clk 0:00:51]} 40. g3
{[%clk 0:02:26]} Ng6 {[%clk 0:00:43]} 41. Kg2 {[%clk 0:02:20]} b5
{[%clk 0:22:04]} 42. axb5 {[%clk 0:24:39]} axb5 {[%clk 0:22:18]} 43. Ra2
{[%clk 0:24:07]} bxc4 {[%clk 0:17:41]} 44. bxc4 {[%clk 0:23:56]} hxg3
{[%clk 0:12:23]} 45. hxg3 {[%clk 0:23:14]} g4 {[%clk 0:10:59]} 46. c5
{[%clk 0:15:45]} gxf3+ {[%clk 0:08:51]} 47. Kxf3 {[%clk 0:16:08]} Rf5+
{[%clk 0:09:08]} 48. Ke3 {[%clk 0:16:11]} Ne5 {[%clk 0:09:17]} 49. Ra7+
{[%clk 0:14:34]} Kc6 {[%clk 0:06:00]} 50. Ra6+ {[%clk 0:14:02]} Kd7
{[%clk 0:06:16]} 51. Rd6+ {[%clk 0:13:19]} Ke7 {[%clk 0:06:38]} 52. Rd1
{[%clk 0:13:08]} Ng4+ {[%clk 0:05:16]} 53. Ke2 {[%clk 0:12:46]} Re5
{[%clk 0:05:22]} 54. Kf3 {[%clk 0:10:52]} Rxe4 {[%clk 0:02:35]} 55. Rc1
{[%clk 0:02:00]} Ra4 {[%clk 0:00:57]} 56. c6 {[%clk 0:01:40]} Ne5+
{[%clk 0:01:21]} 57. Ke3 {[%clk 0:01:40]} Ra7 {[%clk 0:00:54]} 58. Kd4
{[%clk 0:01:32]} Nf7 {[%clk 0:01:01]} 59. Kc5 {[%clk 0:01:48]} Kd8
{[%clk 0:00:47]} 60. Rf1 {[%clk 0:01:09]} Ne5 {[%clk 0:00:38]} 61. Kd6
{[%clk 0:01:05]} Nc4+ {[%clk 0:00:37]} 62. Kxe6 {[%clk 0:01:09]} Ra5
{[%clk 0:00:50]} 63. Rf8+ {[%clk 0:00:35]} Kc7 {[%clk 0:01:16]} 64. g4
{[%clk 0:00:45]} Kxc6 {[%clk 0:00:41]} 65. Rc8+ {[%clk 0:00:49]} Kb5
{[%clk 0:01:07]} 66. g5 {[%clk 0:00:45]} Ra6+ {[%clk 0:01:29]} 67. Ke7
{[%clk 0:00:52]} Rg6 {[%clk 0:01:39]} 68. Rb8+ {[%clk 0:00:56]} Kc5
{[%clk 0:01:59]} 69. Rc8+ {[%clk 0:01:00]} Kd5 {[%clk 0:02:09]} 70. Rb8
{[%clk 0:00:50]} Ke4 {[%clk 0:01:34]} 71. Rb4 {[%clk 0:01:01]} Kd4
{[%clk 0:01:35]} 72. Rb5 {[%clk 0:01:19]} Ne5 {[%clk 0:01:47]} 73. Rb1
{[%clk 0:01:01]} Nf3 {[%clk 0:00:52]} 74. Rb4+ {[%clk 0:00:53]} Ke3
{[%clk 0:00:39]} 75. Ra4 {[%clk 0:00:36]} Rxg5 {[%clk 0:00:46]} 76. Kf6
{[%clk 0:00:48]} Rb5 {[%clk 0:01:10]} 77. Ra3+ {[%clk 0:00:58]} Ke4
{[%clk 0:01:03]} 78. Ra4+ {[%clk 0:00:44]} Nd4 {[%clk 0:01:29]} 79. Rc4
{[%clk 0:00:44]} Kd5 {[%clk 0:01:42]} 80. Rc1 {[%clk 0:00:45]} Rb6+
{[%clk 0:01:32]} 81. Kg5 {[%clk 0:01:01]} Re6 {[%clk 0:01:42]} 82. Rf1
{[%clk 0:00:46]} Re4 {[%clk 0:01:28]} 83. Ra1 {[%clk 0:00:50]} Ne6+
{[%clk 0:01:27]} 84. Kf6 {[%clk 0:00:52]} Nc5 {[%clk 0:01:13]} 85. Rd1+
{[%clk 0:01:10]} Kc6 {[%clk 0:01:30]} 86. Kf5 {[%clk 0:01:25]} Re2
{[%clk 0:01:34]} 87. Rc1 {[%clk 0:01:03]} Kd5 {[%clk 0:01:05]} 88. Rd1+
{[%clk 0:01:25]} Kc4 {[%clk 0:01:23]} 89. Rd8 {[%clk 0:01:01]} Rf2+
{[%clk 0:01:24]} 90. Ke5 {[%clk 0:00:54]} Nd3+ {[%clk 0:01:43]} 91. Ke4
{[%clk 0:01:08]} Re2+ {[%clk 0:01:26]} 92. Kf3 {[%clk 0:00:54]} Re7
{[%clk 0:01:50]} 93. Rc8+ {[%clk 0:01:06]} Nc5 {[%clk 0:02:10]} 94. Rd8
{[%clk 0:01:20]} Ne6 {[%clk 0:02:06]} 95. Rd6 {[%clk 0:01:18]} Nd4+
{[%clk 0:02:20]} 96. Kf4 {[%clk 0:00:58]} Kc5 {[%clk 0:01:39]} 97. Ra6
{[%clk 0:01:03]} Kd5 {[%clk 0:00:46]} 98. Ra5+ {[%clk 0:01:08]} Kd6
{[%clk 0:01:11]} 99. Ra1 {[%clk 0:00:41]} Kc5 {[%clk 0:00:56]} 100. Ra4
{[%clk 0:00:46]} Ne2+ {[%clk 0:00:51]} 101. Kf3 {[%clk 0:01:05]} Nc3
{[%clk 0:01:12]} 102. Rh4 {[%clk 0:01:09]} Nd5 {[%clk 0:01:20]} 103. Ra4
{[%clk 0:01:00]} Re3+ {[%clk 0:01:31]} 104. Kf2 {[%clk 0:01:06]} Rb3
{[%clk 0:01:53]} 105. Rh4 {[%clk 0:01:04]} Rc3 {[%clk 0:01:27]} 106. Rg4
{[%clk 0:01:03]} Nf6 {[%clk 0:01:19]} 107. Ra4 {[%clk 0:00:56]} Kd5
{[%clk 0:00:59]} 108. Ke2 {[%clk 0:00:52]} Ne4 {[%clk 0:01:05]} 109. Rb4
{[%clk 0:00:59]} Ke5 {[%clk 0:00:49]} 110. Rb8 {[%clk 0:01:04]} Rh3
{[%clk 0:00:42]} 111. Re8+ {[%clk 0:01:01]} Kd5 {[%clk 0:01:07]} 112. Rd8+
{[%clk 0:01:09]} Nd6 {[%clk 0:01:34]} 113. Rd7 {[%clk 0:01:04]} Ra3
{[%clk 0:01:27]} 114. Rd8 {[%clk 0:01:13]} Ke5 {[%clk 0:01:54]} 115. Rd7
{[%clk 0:00:53]} Nf5 {[%clk 0:02:01]} 116. Rd8 {[%clk 0:00:59]} Nd4+
{[%clk 0:01:43]} 117. Kd2 {[%clk 0:01:02]} Nf3+ {[%clk 0:02:08]} 118. Kc2
{[%clk 0:01:13]} Ke4 {[%clk 0:02:04]} 119. Kb2 {[%clk 0:01:11]} Re3
{[%clk 0:01:21]} 120. Re8+ {[%clk 0:01:06]} Ne5 {[%clk 0:01:49]} 121. Rd8
{[%clk 0:01:11]} Kf3 {[%clk 0:01:00]} 122. Kc2 {[%clk 0:01:04]} Nc4
{[%clk 0:00:51]} 123. Rc8 {[%clk 0:01:02]} Na3+ {[%clk 0:00:55]} 124. Kb2
{[%clk 0:01:10]} Nb5 {[%clk 0:01:15]} 125. Rd8 {[%clk 0:00:52]} Ke2
{[%clk 0:01:18]} 1/2-1/2

[Event "WCO201402"]
[Site "Tromso"]
[Date "2014.08.12"]
[Round "10.33"]
[WhiteID "403644"]
[White "James Ann-Marie"]
[BlackID "2100681"]
[Black "Ribeiro Regina"]
[Result "1-0"]
[LiveChessVersion "1.4.3"]
[BlackElo "2000"]
[WhiteElo "2095"]

1. e4 {[%clk 1:30:48]} e6 {[%clk 1:30:30]} 2. d4 {[%clk 1:30:55]} d5
{[%clk 1:30:53]} 3. Nd2 {[%clk 1:31:01]} Nc6 {[%clk 1:30:47]} 4. Ngf3
{[%clk 1:30:33]} Nf6 {[%clk 1:31:00]} 5. e5 {[%clk 1:29:22]} Ne4 {[%clk 1:28:10]}
6. c3 {[%clk 1:28:39]} Nxd2 {[%clk 1:24:12]} 7. Bxd2 {[%clk 1:28:20]} f6
{[%clk 1:24:26]} 8. Bd3 {[%clk 1:26:19]} fxe5 {[%clk 1:23:00]} 9. dxe5
{[%clk 1:26:20]} Be7 {[%clk 1:21:25]} 10. Qc2 {[%clk 1:25:49]} h6
{[%clk 1:13:03]} 11. Bg6+ {[%clk 1:24:06]} Kd7 {[%clk 1:09:30]} 12. O-O-O
{[%clk 1:15:46]} b5 {[%clk 1:04:51]} 13. Be3 {[%clk 1:13:07]} Qf8
{[%clk 0:59:53]} 14. Qb3 {[%clk 1:05:23]} Rb8 {[%clk 0:47:04]} 15. Rxd5+
{[%clk 0:55:31]} exd5 {[%clk 0:47:28]} 16. Qxd5+ {[%clk 0:55:57]} Bd6
{[%clk 0:47:29]} 17. e6+ {[%clk 0:53:45]} Ke7 {[%clk 0:44:33]} 18. Qxc6
{[%clk 0:54:05]} Bxe6 {[%clk 0:43:39]} 19. Qe4 {[%clk 0:46:48]} Qf6
{[%clk 0:35:31]} 20. Nd4 {[%clk 0:45:38]} Rbf8 {[%clk 0:29:09]} 21. Re1
{[%clk 0:34:47]} Kd7 {[%clk 0:23:48]} 22. Qc6+ {[%clk 0:32:29]} Kc8
{[%clk 0:23:23]} 23. Qa6+ {[%clk 0:32:16]} Kd7 {[%clk 0:23:04]} 24. Qxb5+
{[%clk 0:32:23]} Kc8 {[%clk 0:23:00]} 25. Be4 {[%clk 0:28:07]} Bd7
{[%clk 0:20:14]} 26. Nc6 {[%clk 0:22:23]} Bxc6 {[%clk 0:10:31]} 27. Bxc6
{[%clk 0:21:32]} Be5 {[%clk 0:07:35]} 28. Rd1 {[%clk 0:18:26]} Bd6
{[%clk 0:07:21]} 29. Qb7+ {[%clk 0:17:32]} Kd8 {[%clk 0:07:44]} 30. Bxa7
{[%clk 0:15:58]} Ke7 {[%clk 0:06:52]} 31. Re1+ {[%clk 0:13:25]} Kf7
{[%clk 0:01:16]} 32. Qb3+ {[%clk 0:13:44]} Kg6 {[%clk 0:00:56]} 33. Re6
{[%clk 0:13:49]} Bf4+ {[%clk 0:00:40]} 34. Kc2 {[%clk 0:12:22]} h5
{[%clk 0:00:38]} 35. Bd4 {[%clk 0:12:12]} 1-0

[Event "WCO2014"]
[Site "Tromso"]
[Date "2014.08.12"]
[Round "10.9"]
[WhiteID "305650"]
[White "Ptacnikova Lenka"]
[BlackID "6700217"]
[Black "Sanchez Ingrid"]
[Result "1-0"]
[LiveChessVersion "1.4.3"]
[BlackElo "2020"]
[WhiteElo "2273"]

1. e4 {[%clk 1:30:58]} c5 {[%clk 1:30:52]} 2. Nc3 {[%clk 1:31:12]} d6
{[%clk 1:31:01]} 3. f4 {[%clk 1:31:25]} g6 {[%clk 1:30:55]} 4. Nf3
{[%clk 1:31:49]} Bg7 {[%clk 1:31:21]} 5. Bb5+ {[%clk 1:31:55]} Bd7
{[%clk 1:31:45]} 6. Bc4 {[%clk 1:32:08]} Nc6 {[%clk 1:30:55]} 7. O-O
{[%clk 1:32:22]} e6 {[%clk 1:28:56]} 8. d3 {[%clk 1:32:17]} Nge7 {[%clk 1:29:13]}
9. f5 {[%clk 1:32:04]} exf5 {[%clk 1:24:15]} 10. Qe1 {[%clk 1:31:41]} O-O
{[%clk 1:22:42]} 11. Qh4 {[%clk 1:31:19]} d5 {[%clk 1:08:18]} 12. exd5
{[%clk 1:19:17]} Na5 {[%clk 1:07:24]} 13. Bg5 {[%clk 1:18:25]} f6
{[%clk 0:55:25]} 14. d6+ {[%clk 1:18:35]} Nxc4 {[%clk 0:55:18]} 15. Qxc4+
{[%clk 1:18:50]} Kh8 {[%clk 0:55:29]} 16. dxe7 {[%clk 1:18:53]} Qxe7
{[%clk 0:55:53]} 17. Rae1 {[%clk 1:13:12]} Qd8 {[%clk 0:53:44]} 18. Bf4
{[%clk 1:09:38]} Rc8 {[%clk 0:53:13]} 19. Bd6 {[%clk 1:05:53]} b5
{[%clk 0:53:02]} 20. Qd5 {[%clk 0:54:27]} Bc6 {[%clk 0:50:20]} 21. Qe6
{[%clk 0:49:44]} Re8 {[%clk 0:44:26]} 22. Be7 {[%clk 0:50:04]} Qb6
{[%clk 0:43:49]} 23. Qd6 {[%clk 0:43:00]} 1-0